000 00575nam a2200217Ia 4500
003 OSt
005 20220928145708.0
006 a|||||r|||| 00| 0
007 ta
008 220927b |||||||| |||| 00| 0 eng d
024 _a82042
037 _cTextual
040 _aSDCL
_cSDCL
_beng
041 _2eng
_aeng
082 _aV1:19, L8
100 _aDonelan Michael Ed.
_9514128
245 0 _aReason of states
_b A study in international political theory.
260 _c1978
942 _hV1:19, L8
_cTEXL
_2CC
999 _c834834
_d834834